Biblioteca y Centro de Documentación

La proyección de las nuevas tecnologías en la dinámica (individual y colectiva) de las relaciones laborales en la empresa (Registro nro. 36111)

Detalles MARC
000 -CABECERA
Longitud fija campo de control 01085naa a2200277 c 4500
001 - NÚMERO DE CONTROL
Número de control 36111
003 - IDENTIFICADOR DE NÚMERO DE CONTROL
Identificador del número de control ES-MaCES
005 - FECHA Y HORA DE LA ÚLTIMA TRANSACCIÓN
Fecha y hora de la última transacción 20150925135756.0
008 - CAMPO FIJO DE DESCRIPCIÓN FIJA--INFORMACIÓN GENERAL
Códigos de información de longitud fija   060306n2005 sp t 000 | spa d
035 ## - NÚMERO DE CONTROL DEL SISTEMA
Número de control del sistema CES20060003744v
040 ## - FUENTE DE CATALOGACIÓN
Centro catalogador de origen ES-MaCES
Lengua de catalogación spa
Centro transcriptor ES-MaCES
100 1# - ENCABEZAMIENTO PRINCIPAL--NOMBRE PERSONAL
Nombre de persona Correa Carrasco, Manuel
9 (RLIN) 10011
245 13 - MENCIÓN DE TÍTULO
Título La proyección de las nuevas tecnologías en la dinámica (individual y colectiva) de las relaciones laborales en la empresa
Resto del título : su tratamiento en la negociación colectiva
Mención de responsabilidad, etc. Manuel Correa Carrasco
500 ## - NOTA GENERAL
Nota general Sumario
650 #4 - ASIENTO SECUNDARIO DE MATERIA--TÉRMINO DE MATERIA
Término de materia o nombre geográfico como elemento inicial licencia de paternidad
9 (RLIN) 29514
650 #4 - ASIENTO SECUNDARIO DE MATERIA--TÉRMINO DE MATERIA
Término de materia o nombre geográfico como elemento inicial legislación del trabajo
9 (RLIN) 27166
650 #4 - ASIENTO SECUNDARIO DE MATERIA--TÉRMINO DE MATERIA
Término de materia o nombre geográfico como elemento inicial negociación colectiva
9 (RLIN) 28362
650 #4 - ASIENTO SECUNDARIO DE MATERIA--TÉRMINO DE MATERIA
Término de materia o nombre geográfico como elemento inicial nuevas tecnologías
9 (RLIN) 30788
653 10 - TÉRMINO DE INDEXACIÓN--NO CONTROLADO
Término no controlado Relaciones laborales-Empleo
650 #4 - ASIENTO SECUNDARIO DE MATERIA--TÉRMINO DE MATERIA
9 (RLIN) 28369
Término de materia o nombre geográfico como elemento inicial relaciones laborales
650 #4 - ASIENTO SECUNDARIO DE MATERIA--TÉRMINO DE MATERIA
9 (RLIN) 28377
Término de materia o nombre geográfico como elemento inicial sindicato
773 0# - ENTRADA DE DOCUMENTO FUENTE
Título Revista de derecho social
Parte(s) relacionada(s) n. 31 (jul.- sept. 2005){10693 R. 063439}; p. 41- 84
Número de control del registro relacionado (ES-MaCES)25695
Itemnumber del ítem fuente 68716
902 ## - CES. TIPO DE DOCUMENTO
Tipodoc (006$c Sirtex) ART Artículo de revista
942 ## - ELEMENTOS KOHA
Fuente de clasificaión o esquema Clasificación propia del CES
Koha [por defecto] tipo de item Artículos (1982-2017)
Parte de clasificación 2.0.

No hay ítems disponibles.

© CES, Consejo Económico y Social de España 2021